Разработка электронного ресурса "BM-Test"; Молодежь и современные информационные технологии; Т. 2

Bibliographische Detailangaben
Parent link:Молодежь и современные информационные технологии: сборник трудов XII Всероссийской научно-практической конференции студентов, аспирантов и молодых ученых, г. Томск, 12-14 ноября 2014 г./ Национальный исследовательский Томский политехнический университет (ТПУ), Институт кибернетики (ИК) ; ред. кол. Е. А. Сикора [и др.].— , 2014
Т. 2.— 2014.— [С. 277-278]
1. Verfasser: Берестнева Е. В.
Körperschaft: Национальный исследовательский Томский политехнический университет (ТПУ) Институт кибернетики (ИК) Кафедра оптимизации систем управления (ОСУ)
Weitere Verfasser: Марухина О. В. Ольга Владимировна
Zusammenfassung:Заглавие с титульного экрана
Sprache:Russisch
Veröffentlicht: 2014
Schriftenreihe:Информационные технологии в гуманитарных и медицинских исследованиях
Schlagworte:
Online-Zugang:http://earchive.tpu.ru/handle/11683/20327
http://www.lib.tpu.ru/fulltext/c/2014/C04/V2/131.pdf
Format: MixedMaterials Elektronisch Buchkapitel
KOHA link:https://koha.lib.tpu.ru/cgi-bin/koha/opac-detail.pl?biblionumber=610977

MARC

LEADER 00000naa2a2200000 4500
001 610977
005 20231226091028.0
035 |a (RuTPU)RU\TPU\conf\8619 
035 |a RU\TPU\conf\8617 
090 |a 610977 
100 |a 20150209d2014 k y0rusy50 ca 
101 0 |a rus 
102 |a RU 
105 |a y z 101zy 
135 |a drcn ---uucaa 
181 0 |a i  
182 0 |a b 
200 1 |a Разработка электронного ресурса "BM-Test"  |f Е. В. Берестнева, О. В. Марухина 
203 |a Текст  |c электронный 
225 1 |a Информационные технологии в гуманитарных и медицинских исследованиях 
300 |a Заглавие с титульного экрана 
320 |a [Библиогр.: с. 278 (3 назв.)] 
337 |a Adobe Reader 
461 1 |0 (RuTPU)RU\TPU\conf\7802  |t Молодежь и современные информационные технологии  |o сборник трудов XII Всероссийской научно-практической конференции студентов, аспирантов и молодых ученых, г. Томск, 12-14 ноября 2014 г.  |o в 2 т.  |f Национальный исследовательский Томский политехнический университет (ТПУ), Институт кибернетики (ИК) ; ред. кол. Е. А. Сикора [и др.]  |d 2014 
463 0 |0 (RuTPU)RU\TPU\conf\7813  |t Т. 2  |v [С. 277-278]  |d 2014 
610 1 |a труды учёных ТПУ 
610 1 |a электронный ресурс 
610 1 |a разработки 
610 1 |a электронные ресурсы 
610 1 |a интернет-приложения 
610 1 |a тестирование 
610 1 |a On-line 
610 1 |a анкетирование 
700 1 |a Берестнева  |b Е. В. 
701 1 |a Марухина  |b О. В.  |c специалист в области оценки качества образования  |c доцент Томского политехнического университета, кандидат технических наук  |f 1974-  |g Ольга Владимировна  |3 (RuTPU)RU\TPU\pers\25935  |9 11785 
712 0 2 |a Национальный исследовательский Томский политехнический университет (ТПУ)  |b Институт кибернетики (ИК)  |b Кафедра оптимизации систем управления (ОСУ)  |3 (RuTPU)RU\TPU\col\18702 
801 2 |a RU  |b 63413507  |c 20210323  |g RCR 
856 4 |u http://earchive.tpu.ru/handle/11683/20327 
856 4 |u http://www.lib.tpu.ru/fulltext/c/2014/C04/V2/131.pdf 
942 |c BK